[Event "IRT CXG Cidade Maravilhosa"]
[Site "Rio de Janeiro BRA"]
[Date "2010.04.24"]
[Round "3.10"]
[White "Siqueira, Allan de Sousa"]
[Black "Yunes, David Teles"]
[Result "1-0"]
[WhiteElo "1964"]
[BlackElo "1866"]
[PlyCount "79"]
[EventDate "2010.04.10"]
[EventType "swiss"]
[EventRounds "7"]
[EventCountry "BRA"]
[Source "lmi"]
[SourceDate "2010.04.10"]

1. d4 Nf6 2. c4 g6 3. Nc3 d5 4. cxd5 Nxd5 5. e4 Nxc3 6. bxc3 Bg7 7. Nf3 O-O 8.
Bc4 c5 9. Be3 Nc6 10. O-O Qc7 11. Bb3 Rd8 12. Ng5 e6 13. Nf3 Na5 14. e5 b6 15.
Qe2 Bb7 16. Rac1 a6 17. Bc2 b5 18. Rfd1 Nc4 19. Bg5 Rd7 20. Bb3 Bd5 21. Nd2
Nxd2 22. Bxd5 Rxd5 23. Bxd2 Rad8 24. Bg5 R8d7 25. Be3 Qb7 26. h4 Qb8 27. h5 Qd8
28. hxg6 hxg6 29. Re1 Qh4 30. a4 f5 31. g3 Qh3 32. axb5 axb5 33. Rb1 c4 34. Ra1
Bh6 35. Ra8+ Kg7 36. Bxh6+ Qxh6 37. Kg2 f4 38. Rh1 Rf7 39. Rxh6 f3+ 40. Qxf3
1-0

[Event "IRT CXG Cidade Maravilhosa"]
[Site "Rio de Janeiro BRA"]
[Date "2010.05.08"]
[Round "4.1"]
[White "Von Buelow, Georg"]
[Black "Rios Filho, Hilton Carlos"]
[Result "1-0"]
[WhiteElo "2397"]
[BlackElo "2222"]
[PlyCount "21"]
[EventDate "2010.04.10"]
[EventType "swiss"]
[EventRounds "7"]
[EventCountry "BRA"]
[Source "lmi"]
[SourceDate "2010.04.10"]

1. e4 e5 2. Nf3 Nc6 3. Bb5 Bc5 4. c3 Nf6 5. O-O Bb6 6. d4 exd4 7. e5 Nd5 8.
cxd4 O-O 9. Bc4 Nce7 10. Bg5 Qe8 11. Re1 1-0

[Event "IRT CXG Cidade Maravilhosa"]
[Site "Rio de Janeiro BRA"]
[Date "2010.05.08"]
[Round "4.2"]
[White "Rego, Vinicius Vilela"]
[Black "Rangel, Daniel"]
[Result "1/2-1/2"]
[WhiteElo "2252"]
[BlackElo "2056"]
[PlyCount "118"]
[EventDate "2010.04.10"]
[EventType "swiss"]
[EventRounds "7"]
[EventCountry "BRA"]
[Source "lmi"]
[SourceDate "2010.04.10"]

1. d4 f5 2. Nf3 Nf6 3. Bg5 e6 4. e3 d5 5. c4 c6 6. Nbd2 Be7 7. Bd3 O-O 8. O-O
Bd7 9. Qc2 Ne4 10. Bxe7 Qxe7 11. Ne5 Be8 12. f4 Nxd2 13. Qxd2 Nd7 14. cxd5 cxd5
15. Rac1 Nxe5 16. fxe5 Bc6 17. Rc5 Rfc8 18. Rfc1 Qd8 19. Qb4 Qb6 20. Qa3 a5 21.
R1c3 Qb4 22. Qb3 Rf8 23. Qc2 h6 24. a3 Qb6 25. Rb3 Qa7 26. Bb5 f4 27. Bxc6 bxc6
28. Qd2 fxe3 29. Rxe3 Qa6 30. Qe2 Qb6 31. Rg3 Rf4 32. Qd2 Raf8 33. h3 Kh8 34.
b3 a4 35. b4 Qa6 36. Qd3 Qc8 37. b5 Qd8 38. Qg6 Qd7 39. bxc6 Qc7 40. Rb5 Qf7
41. Rb7 Qxg6 42. Rxg6 Rxd4 43. Rgxg7 Rc8 44. Rh7+ Kg8 45. Rbg7+ Kf8 46. Rd7 Kg8
47. c7 Rc4 48. Kf2 Rc3 49. Rxh6 R8xc7 50. Rxc7 Rxc7 51. Rxe6 Rc4 52. Rg6+ Kf7
53. Rg4 d4 54. Kf3 Rc3+ 55. Ke4 d3 56. Kd5 d2 57. Rd4 Rc8 58. Ke4 Rc4 59. Rxc4
d1=Q 1/2-1/2

[Event "IRT CXG Cidade Maravilhosa"]
[Site "Rio de Janeiro BRA"]
[Date "2010.05.08"]
[Round "4.6"]
[White "Carvalho, Renato"]
[Black "Carvalho, Romildo dos Santos"]
[Result "1-0"]
[WhiteElo "1861"]
[BlackElo "1897"]
[PlyCount "83"]
[EventDate "2010.04.10"]
[EventType "swiss"]
[EventRounds "7"]
[EventCountry "BRA"]
[Source "lmi"]
[SourceDate "2010.04.10"]

1. Nf3 d5 2. d4 Nf6 3. c4 e6 4. g3 c6 5. Bg2 Be7 6. O-O O-O 7. Qc2 Nbd7 8. cxd5
exd5 9. Nc3 Re8 10. b3 Bf8 11. Bb2 Qe7 12. Nd2 g6 13. Rae1 Ne4 14. Ncxe4 dxe4
15. Nxe4 f5 16. Qc4+ Qe6 17. Qxe6+ Rxe6 18. Ng5 Re8 19. d5 Ne5 20. f4 Bc5+ 21.
e3 Nd3 22. Be5 Nxe5 23. fxe5 Rxe5 24. dxc6 bxc6 25. Bxc6 Rb8 26. Kg2 Bb4 27.
Rd1 Ba6 28. Bd5+ Kg7 29. Bc4 Bb7+ 30. e4 Bc6 31. Bd5 Bb5 32. Bc4 Be8 33. Ne6+
Kh6 34. Rf4 Rxe4 35. Rxe4 fxe4 36. Bd5 e3 37. Rd4 Be7 38. Re4 Rb5 39. Nc7 Rxd5
40. Nxd5 Bc6 41. Rxe7 Bxd5+ 42. Kf1 1-0

[Event "IRT CXG Cidade Maravilhosa"]
[Site "Rio de Janeiro BRA"]
[Date "2010.05.08"]
[Round "4.7"]
[White "Chaves, Jorge Antonio Torre"]
[Black "Fernandes, Silas Carvalho"]
[Result "0-1"]
[WhiteElo "1991"]
[BlackElo "2014"]
[PlyCount "106"]
[EventDate "2010.04.10"]
[EventType "swiss"]
[EventRounds "7"]
[EventCountry "BRA"]
[Source "lmi"]
[SourceDate "2010.04.10"]

1. d4 d5 2. Nf3 Nf6 3. c4 c6 4. Nc3 e6 5. e3 Nbd7 6. Bd3 dxc4 7. Bxc4 b5 8. Bd3
a6 9. O-O c5 10. Qe2 Bb7 11. e4 cxd4 12. Nb1 e5 13. Bg5 Bc5 14. a4 b4 15. Nbd2
O-O 16. Nb3 Bd6 17. a5 Qe7 18. Rac1 h6 19. Bd2 Qe6 20. Na1 Nc5 21. Rxc5 Bxc5
22. h3 Rfc8 23. Nh4 Bf8 24. Nf5 Kh7 25. b3 g6 26. Ng3 Rc7 27. Bc4 Qc6 28. Re1
Qc5 29. Qf3 Bg7 30. Nc2 Qxa5 31. Bxb4 Qb6 32. Qd3 a5 33. Bd2 Ba6 34. Na3 a4 35.
b4 Rxc4 36. Nxc4 Qb5 37. Rc1 Rc8 38. Nxe5 Rxc1+ 39. Bxc1 Qxd3 40. Nxd3 Bxd3 41.
f3 Bf8 42. Ba3 Nd7 43. Nh1 Nb6 44. Nf2 Bb5 45. Bb2 Bxb4 46. Bxd4 Nd7 47. Ba1 a3
48. Nd1 Bc5+ 49. Kh2 Be2 50. Nc3 Bd4 51. f4 Bd3 52. e5 Nc5 53. g4 Nb3 0-1

[Event "IRT CXG Cidade Maravilhosa"]
[Site "Rio de Janeiro BRA"]
[Date "2010.05.08"]
[Round "4.9"]
[White "Rabello, David Sousa"]
[Black "Siqueira, Allan de Sousa"]
[Result "1-0"]
[WhiteElo "1952"]
[BlackElo "1964"]
[PlyCount "39"]
[EventDate "2010.04.10"]
[EventType "swiss"]
[EventRounds "7"]
[EventCountry "BRA"]
[Source "lmi"]
[SourceDate "2010.04.10"]

1. e4 e5 2. Bc4 Nf6 3. Nf3 Nc6 4. Ng5 d5 5. exd5 Na5 6. Bb5+ Bd7 7. Qe2 Nxd5 8.
Qxe5+ Qe7 9. Qxe7+ Bxe7 10. Bxd7+ Kxd7 11. Nxf7 Rhf8 12. Ne5+ Kd6 13. d4 Nb4
14. Na3 a6 15. O-O Rae8 16. Bd2 Nac6 17. f4 b5 18. c3 Nd5 19. c4 bxc4 20.
Naxc4+ 1-0

[Event "IRT CXG Cidade Maravilhosa"]
[Site "Rio de Janeiro BRA"]
[Date "2010.05.08"]
[Round "4.10"]
[White "Yunes, David Teles"]
[Black "Santos Filho, Tadeu Sousa"]
[Result "0-1"]
[WhiteElo "1866"]
[BlackElo "2088"]
[PlyCount "90"]
[EventDate "2010.04.10"]
[EventType "swiss"]
[EventRounds "7"]
[EventCountry "BRA"]
[Source "lmi"]
[SourceDate "2010.04.10"]

1. e4 c5 2. Nf3 d6 3. d4 cxd4 4. Nxd4 Nf6 5. Nc3 g6 6. f4 Nbd7 7. Be2 Bg7 8.
Be3 O-O 9. Qd2 Nc5 10. Bf3 Ng4 11. Bg1 e5 12. Nb3 Nxb3 13. axb3 exf4 14. O-O-O
Be5 15. Bd4 Be6 16. Nd5 Bxd5 17. exd5 Ne3 18. Bxe3 fxe3 19. Qd3 Qf6 20. c3 a5
21. Kc2 a4 22. bxa4 Rxa4 23. Ra1 Qf4 24. Raf1 Ra2 25. Be4 Qg5 26. h4 Qe7 27.
Ra1 Rxa1 28. Rxa1 Qxh4 29. Qxe3 Re8 30. Bf3 Qc4 31. Qd3 Qc5 32. Ra4 b5 33. Ra6
b4 34. Rc6 Qf2+ 35. Qd2 b3+ 36. Kd3 Qa7 37. Bd1 Qa4 38. Rc4 Qb5 39. Qe2 Qxd5+
40. Rd4 Qb5+ 41. c4 Qa4 42. Rd5 Bf4 43. Qg4 Re3+ 44. Kd4 Qa7+ 45. c5 Qa4# 0-1

[Event "IRT CXG Cidade Maravilhosa"]
[Site "Rio de Janeiro BRA"]
[Date "2010.05.15"]
[Round "5.1"]
[White "Bil, Angelo"]
[Black "Von Buelow, Georg"]
[Result "0-1"]
[WhiteElo "2151"]
[BlackElo "2397"]
[PlyCount "52"]
[EventDate "2010.04.10"]
[EventType "swiss"]
[EventRounds "7"]
[EventCountry "BRA"]
[Source "lmi"]
[SourceDate "2010.04.10"]

1. e4 c5 2. Nf3 e6 3. d4 cxd4 4. Nxd4 Nf6 5. Nc3 d6 6. g4 h6 7. Be3 a6 8. Bg2
Nc6 9. Nxc6 bxc6 10. O-O Rb8 11. e5 Nd5 12. Nxd5 cxd5 13. Qd4 Be7 14. Rad1 O-O
15. f4 Qc7 16. c4 dxe5 17. fxe5 Rb4 18. Rc1 dxc4 19. b3 Rd8 20. Rxc4 Rxc4 21.
Qxc4 Qxe5 22. Bb6 Rf8 23. Bd4 Qg5 24. h3 h5 25. Re1 hxg4 26. Be3 Qa5 0-1

[Event "IRT CXG Cidade Maravilhosa"]
[Site "Rio de Janeiro BRA"]
[Date "2010.05.15"]
[Round "5.2"]
[White "Viana, Dirceu"]
[Black "Rebello, Octacilio Freire V"]
[Result "1/2-1/2"]
[WhiteElo "2261"]
[BlackElo "2123"]
[PlyCount "61"]
[EventDate "2010.04.10"]
[EventType "swiss"]
[EventRounds "7"]
[EventCountry "BRA"]
[Source "lmi"]
[SourceDate "2010.04.10"]

1. c4 Nf6 2. Nc3 c5 3. e4 d6 4. Nge2 e6 5. d4 cxd4 6. Nxd4 a6 7. Be2 b6 8. f4
Bb7 9. Bf3 Qc7 10. Qe2 Be7 11. O-O O-O 12. Kh1 Nbd7 13. Bd2 Rfe8 14. Rae1 Nf8
15. e5 N6d7 16. Bxb7 Qxb7 17. f5 Nxe5 18. Ne4 d5 19. cxd5 exd5 20. Ng3 Bc5 21.
Bc3 Nfd7 22. f6 Nxf6 23. Rxf6 gxf6 24. Nh5 Bxd4 25. Nxf6+ Kf8 26. Bxd4 Re6 27.
Bxe5 Rc8 28. h3 Qc6 29. Qd2 Rxf6 30. Bxf6 Qxf6 31. Qxd5 1/2-1/2

[Event "IRT CXG Cidade Maravilhosa"]
[Site "Rio de Janeiro BRA"]
[Date "2010.05.15"]
[Round "5.3"]
[White "Rios Filho, Hilton Carlos"]
[Black "Rangel, Daniel"]
[Result "1/2-1/2"]
[WhiteElo "2222"]
[BlackElo "2056"]
[PlyCount "74"]
[EventDate "2010.04.10"]
[EventType "swiss"]
[EventRounds "7"]
[EventCountry "BRA"]
[Source "lmi"]
[SourceDate "2010.04.10"]

1. d4 f5 2. g3 Nf6 3. Bg2 g6 4. Nf3 Bg7 5. O-O O-O 6. c4 d6 7. d5 c6 8. Nc3
cxd5 9. cxd5 Qb6 10. Rb1 Ng4 11. Bd2 Bd7 12. Ng5 Bd4 13. Be1 Bg7 14. h3 Nf6 15.
Bd2 Na6 16. b4 Rfc8 17. Qb3 Qc7 18. Ne6 Qc4 19. Qxc4 Rxc4 20. a3 Bh8 21. Rfc1
Rac8 22. e3 Nc7 23. Bf1 Nxe6 24. Bxc4 Rxc4 25. dxe6 Bxe6 26. Nd1 Ne4 27. Be1 d5
28. Rxc4 dxc4 29. b5 Be5 30. f3 Nc5 31. Kg2 Na4 32. Rc1 Nb2 33. Bc3 Nd3 34. Rb1
Bd6 35. a4 Bd5 36. Bd4 b6 37. Nc3 Bb7 1/2-1/2

[Event "IRT CXG Cidade Maravilhosa"]
[Site "Rio de Janeiro BRA"]
[Date "2010.05.15"]
[Round "5.4"]
[White "Fernandes, Silas Carvalho"]
[Black "Rego, Vinicius Vilela"]
[Result "1/2-1/2"]
[WhiteElo "2014"]
[BlackElo "2252"]
[PlyCount "48"]
[EventDate "2010.04.10"]
[EventType "swiss"]
[EventRounds "7"]
[EventCountry "BRA"]
[Source "lmi"]
[SourceDate "2010.04.10"]

1. d4 Nf6 2. c4 c5 3. d5 b5 4. cxb5 a6 5. bxa6 g6 6. Nc3 Bxa6 7. e4 Bxf1 8.
Kxf1 d6 9. g3 Bg7 10. Kg2 O-O 11. Nf3 Nbd7 12. h3 Ra6 13. Bg5 h6 14. Bd2 Qa8
15. Re1 e6 16. dxe6 fxe6 17. Kg1 Kh7 18. Qc2 Ng8 19. Nh4 Ne7 20. f4 Nb6 21. Qd3
Ra7 22. Rad1 Na4 23. Nxa4 Bd4+ 24. Be3 Rxa4 1/2-1/2

[Event "IRT CXG Cidade Maravilhosa"]
[Site "Rio de Janeiro BRA"]
[Date "2010.05.15"]
[Round "5.5"]
[White "Maia, Marco Aurelio Ferre"]
[Black "Carvalho, Renato"]
[Result "1-0"]
[WhiteElo "2139"]
[BlackElo "1861"]
[PlyCount "81"]
[EventDate "2010.04.10"]
[EventType "swiss"]
[EventRounds "7"]
[EventCountry "BRA"]
[Source "lmi"]
[SourceDate "2010.04.10"]

1. d4 Nf6 2. Nf3 g6 3. Nbd2 d5 4. e3 Bg7 5. b4 O-O 6. Bb2 a5 7. b5 a4 8. a3
Nbd7 9. Bd3 Nb6 10. O-O Ne8 11. Rb1 Nd6 12. Qe2 Bf5 13. Rfc1 Ne4 14. c4 Nxd2
15. Nxd2 Bxd3 16. Qxd3 c6 17. bxc6 bxc6 18. c5 Nd7 19. f4 Qc7 20. Bc3 Rfb8 21.
Qc2 Qa7 22. Bb4 f6 23. f5 gxf5 24. Qxf5 Nf8 25. Nf3 Qd7 26. Qc2 Qg4 27. Bd2 Qc8
28. Rxb8 Qxb8 29. Rb1 Qc7 30. Rb4 Qa7 31. Rb6 Rc8 32. Qb2 Rc7 33. Ne1 Nd7 34.
Nd3 e5 35. Bc3 e4 36. Nf4 Kf7 37. Be1 Qa8 38. Rb4 Ra7 39. Bg3 Bh6 40. Qe2 Rb7
41. Qh5+ 1-0

[Event "IRT CXG Cidade Maravilhosa"]
[Site "Rio de Janeiro BRA"]
[Date "2010.05.15"]
[Round "5.8"]
[White "Saraiva, Alexandre Pacheco"]
[Black "Santos Filho, Tadeu Sousa"]
[Result "0-1"]
[WhiteElo "1951"]
[BlackElo "2088"]
[PlyCount "154"]
[EventDate "2010.04.10"]
[EventType "swiss"]
[EventRounds "7"]
[EventCountry "BRA"]
[Source "lmi"]
[SourceDate "2010.04.10"]

1. Nf3 Nf6 2. c4 d6 3. Nc3 e5 4. g3 Be6 5. b3 Qd7 6. h3 h6 7. Bg2 Nc6 8. d4
exd4 9. Nxd4 Nxd4 10. Qxd4 c6 11. Bb2 Be7 12. e4 O-O 13. f4 g6 14. g4 Qd8 15.
g5 c5 16. Qe3 hxg5 17. fxg5 Nh5 18. h4 f6 19. gxf6 Bxf6 20. O-O-O Kh7 21. Kb1
Bg4 22. Rd3 Bd4 23. Qg5 Qxg5 24. hxg5 Rf2 25. Bh3 Bxh3 26. Rhxh3 Raf8 27. Nd1
Rg2 28. Bxd4 cxd4 29. Rxd4 Rxg5 30. Rxd6 Rf7 31. Rhd3 Re5 32. Nc3 Nf4 33. Rg3
g5 34. Kc2 Nh5 35. Rg2 Nf6 36. Rf2 Kg7 37. Kd3 g4 38. Kd4 Rg5 39. e5 Nh5 40.
Rxf7+ Kxf7 41. Ne4 Rg6 42. Ke3 g3 43. Rxg6 Kxg6 44. Kf3 Kf5 45. e6 g2 46. Ng3+
Nxg3 47. e7 g1=Q 48. e8=Q Nf1 49. Qf7+ Ke5 50. Qf4+ Ke6 51. Qh6+ Kd7 52. Qh7+
Kd6 53. Qh6+ Kc5 54. Qf8+ Kd4 55. Qf4+ Kc3 56. Qe5+ Qd4 57. Qa5+ Kb2 58. c5
Nd2+ 59. Ke2 Ne4 60. Qxa7 Nxc5 61. Kf3 Qe4+ 62. Kf2 Nd3+ 63. Kg3 Qf4+ 64. Kg2
Qg4+ 65. Kh2 Qf4+ 66. Kg2 Ne1+ 67. Kg1 Nf3+ 68. Kf2 Qd4+ 69. Qxd4+ Nxd4 70. Ke3
Ne6 71. Kd3 Kxa2 72. Kc4 Ka3 73. Kb5 Kxb3 74. Kb6 Nd8 75. Kb5 Kc3 76. Kc5 Kd3
77. Kd5 Ke3 0-1

[Event "IRT CXG Cidade Maravilhosa"]
[Site "Rio de Janeiro BRA"]
[Date "2010.05.15"]
[Round "5.10"]
[White "Yunes, David Teles"]
[Black "Chaves, Jorge Antonio Torre"]
[Result "0-1"]
[WhiteElo "1866"]
[BlackElo "1991"]
[PlyCount "84"]
[EventDate "2010.04.10"]
[EventType "swiss"]
[EventRounds "7"]
[EventCountry "BRA"]
[Source "lmi"]
[SourceDate "2010.04.10"]

1. e4 c5 2. Nf3 Nf6 3. Nc3 d5 4. exd5 Nxd5 5. Bc4 e6 6. O-O Be7 7. d3 Nc6 8.
Re1 O-O 9. Qe2 Bf6 10. Ne4 b6 11. Neg5 h6 12. Ne4 Be7 13. Ng3 Qc7 14. Nh5 Nf6
15. Bf4 Qd8 16. Nxf6+ Bxf6 17. c3 Bb7 18. Rad1 Re8 19. Ne5 Nxe5 20. Bxe5 Bxe5
21. Qxe5 Rc8 22. Re3 Qc7 23. f4 Qxe5 24. Rxe5 g6 25. Kf2 h5 26. g3 Red8 27. Rd2
Rd6 28. Bb3 Rcd8 29. Bc2 Kg7 30. h3 Kf6 31. a3 Rd5 32. Re3 Bc6 33. Bd1 R5d6 34.
Bf3 Bxf3 35. Kxf3 c4 36. d4 Rd5 37. Re5 R8d6 38. h4 Ke7 39. Rde2 f6 40. R5e4
Rb5 41. g4 hxg4+ 42. Kxg4 f5+ 0-1

[Event "IRT CXG Cidade Maravilhosa"]
[Site "Rio de Janeiro BRA"]
[Date "2010.05.22"]
[Round "6.1"]
[White "Rangel, Daniel"]
[Black "Von Buelow, Georg"]
[Result "0-1"]
[WhiteElo "2056"]
[BlackElo "2397"]
[PlyCount "94"]
[EventDate "2010.04.10"]
[EventType "swiss"]
[EventRounds "7"]
[EventCountry "BRA"]
[Source "lmi"]
[SourceDate "2010.04.10"]

1. e4 c5 2. Nc3 Nc6 3. g3 g6 4. Bg2 Bg7 5. d3 d6 6. Be3 e5 7. Qd2 Nge7 8. Bh6
O-O 9. h4 Bxh6 10. Qxh6 f6 11. O-O-O Nd4 12. f4 Nef5 13. exf5 Nxf5 14. Bd5+ Kh8
15. Qxf8+ Qxf8 16. Nge2 Ne3 17. Rdg1 h6 18. Bb3 Bg4 19. Kd2 Nf5 20. Rf1 Qe8 21.
Re1 Qc6 22. Bd5 Qb6 23. Bc4 Rd8 24. Nd5 Qa5+ 25. Nec3 Kg7 26. Kc1 a6 27. Ne3
Nxe3 28. Rxe3 b5 29. Bd5 Qc7 30. Rhe1 Re8 31. Bg2 Be6 32. Nd5 Qa5 33. Kb1 Rc8
34. Bf3 h5 35. c3 Rb8 36. Bh1 b4 37. c4 Bxd5 38. Bxd5 b3 39. a3 Qd2 40. Be4
exf4 41. R3e2 Qa5 42. gxf4 Re8 43. Rg1 f5 44. Bf3 Rxe2 45. Bxe2 Qd2 46. Bd1
Qxd3+ 47. Ka1 Qe3 0-1

[Event "IRT CXG Cidade Maravilhosa"]
[Site "Rio de Janeiro BRA"]
[Date "2010.05.22"]
[Round "6.2"]
[White "Rebello, Octacilio Freire V"]
[Black "Rios Filho, Hilton Carlos"]
[Result "1/2-1/2"]
[WhiteElo "2123"]
[BlackElo "2222"]
[PlyCount "68"]
[EventDate "2010.04.10"]
[EventType "swiss"]
[EventRounds "7"]
[EventCountry "BRA"]
[Source "lmi"]
[SourceDate "2010.04.10"]

1. e3 b6 2. c4 e6 3. Nc3 Nf6 4. d4 Bb7 5. a3 d5 6. Nf3 Bd6 7. b4 dxc4 8. Bxc4
a5 9. b5 Nbd7 10. O-O O-O 11. Re1 Ne4 12. Nxe4 Bxe4 13. Bd3 Bb7 14. e4 e5 15.
Bg5 f6 16. Be3 a4 17. Bc4+ Kh8 18. Bd5 Bxd5 19. exd5 e4 20. Nh4 f5 21. Qh5 Qe8
22. Qxe8 Raxe8 23. g3 f4 24. Bxf4 Bxf4 25. gxf4 Nf6 26. Rac1 Nxd5 27. Ng2 Re7
28. Rc4 Ra8 29. Rec1 h6 30. f5 Kh7 31. Ne3 Nxe3 32. fxe3 Rf8 33. Rxa4 Rxf5 34.
Rb1 Rd5 1/2-1/2

[Event "IRT CXG Cidade Maravilhosa"]
[Site "Rio de Janeiro BRA"]
[Date "2010.05.22"]
[Round "6.3"]
[White "Fernandes, Silas Carvalho"]
[Black "Viana, Dirceu"]
[Result "0-1"]
[WhiteElo "2014"]
[BlackElo "2261"]
[PlyCount "52"]
[EventDate "2010.04.10"]
[EventType "swiss"]
[EventRounds "7"]
[EventCountry "BRA"]
[Source "lmi"]
[SourceDate "2010.04.10"]

1. d4 d5 2. c4 dxc4 3. Nc3 Nf6 4. Nf3 a6 5. a4 Nc6 6. e4 Bg4 7. Be3 e6 8. Bxc4
Bb4 9. Qd3 Bxf3 10. gxf3 O-O 11. Rg1 Nh5 12. Rg5 g6 13. Ke2 Nxd4+ 14. Qxd4 Nf4+
15. Kf1 Qxg5 16. e5 Qg2+ 17. Ke1 Qg1+ 18. Bf1 Bxc3+ 19. bxc3 Ng2+ 20. Ke2 Nxe3
21. Kxe3 Qxh2 22. Bd3 Rad8 23. Qe4 Rd5 24. f4 Rfd8 25. Be2 g5 26. Rh1 gxf4+ 0-1

[Event "IRT CXG Cidade Maravilhosa"]
[Site "Rio de Janeiro BRA"]
[Date "2010.05.21"]
[Round "6.4"]
[White "Rego, Vinicius Vilela"]
[Black "Bil, Angelo"]
[Result "1-0"]
[WhiteElo "2252"]
[BlackElo "2151"]
[PlyCount "77"]
[EventDate "2010.04.10"]
[EventType "swiss"]
[EventRounds "7"]
[EventCountry "BRA"]
[Source "lmi"]
[SourceDate "2010.04.10"]

1. c4 Nf6 2. Nc3 d5 3. cxd5 Nxd5 4. Nf3 Nxc3 5. bxc3 g6 6. d4 Bg7 7. e3 O-O 8.
Bd3 c5 9. O-O cxd4 10. cxd4 Nc6 11. Rb1 Qd6 12. Qa4 Rd8 13. Ba3 Qf6 14. Be4 a6
15. Rfc1 Bd7 16. Rxb7 Rac8 17. Rxd7 Rxd7 18. Rxc6 Rxc6 19. Qxc6 Qxc6 20. Bxc6
Rc7 21. Ba4 e6 22. Kf1 Bf6 23. Ke2 Rc3 24. Bb3 Kg7 25. Nd2 Rc7 26. Ne4 Be7 27.
Bxe7 Rxe7 28. Nc5 Ra7 29. a4 a5 30. Bc4 Kf6 31. Kd3 Ke7 32. Ba6 Rc7 33. Kc4 h6
34. Kb5 Kd6 35. Kxa5 e5 36. Kb6 Rc6+ 37. Kb5 exd4 38. exd4 Rc7 39. Bb7 1-0

[Event "IRT CXG Cidade Maravilhosa"]
[Site "Rio de Janeiro BRA"]
[Date "2010.05.22"]
[Round "6.5"]
[White "Santos Filho, Tadeu Sousa"]
[Black "Maia, Marco Aurelio Ferre"]
[Result "1-0"]
[WhiteElo "2088"]
[BlackElo "2139"]
[PlyCount "111"]
[EventDate "2010.04.10"]
[EventType "swiss"]
[EventRounds "7"]
[EventCountry "BRA"]
[Source "lmi"]
[SourceDate "2010.04.10"]

1. d4 d5 2. e3 Nf6 3. Bd3 g6 4. Nf3 Bg7 5. b3 Bg4 6. Nbd2 Nbd7 7. h3 Bf5 8. Bb2
c6 9. Qe2 Qa5 10. a3 O-O 11. O-O Rfe8 12. e4 dxe4 13. Nxe4 Bxe4 14. Bxe4 Nxe4
15. Qxe4 Qd5 16. Qe2 b5 17. Rfe1 Rad8 18. a4 b4 19. Qa6 Ra8 20. Rad1 e6 21. Ba1
Rec8 22. Ne5 Nxe5 23. dxe5 Qc5 24. Qc4 Qxc4 25. bxc4 Rd8 26. Kf1 Bf8 27. Bd4
Be7 28. Ke2 Kf8 29. Be3 Ke8 30. Rxd8+ Kxd8 31. Rd1+ Kc7 32. Rd3 f5 33. exf6
Bxf6 34. Bc5 Bc3 35. Rf3 Rd8 36. Rf7+ Rd7 37. Rxd7+ Kxd7 38. Bxa7 Kd6 39. Kd3
c5 40. Bb8+ Kc6 41. a5 Be1 42. f4 b3 43. cxb3 Bxa5 44. g4 Bd8 45. Ke4 Bf6 46.
Be5 Be7 47. f5 exf5+ 48. gxf5 gxf5+ 49. Kxf5 Kd7 50. Bf6 Bd6 51. h4 Bg3 52. h5
Bd6 53. Bc3 Be7 54. Ke4 Bg5 55. Kd5 Be3 56. Be5 1-0

[Event "IRT CXG Cidade Maravilhosa"]
[Site "Rio de Janeiro BRA"]
[Date "2010.05.22"]
[Round "6.6"]
[White "Rabello, David Sousa"]
[Black "Carvalho, Romildo dos Santos"]
[Result "0-1"]
[WhiteElo "1952"]
[BlackElo "1897"]
[PlyCount "62"]
[EventDate "2010.04.10"]
[EventType "swiss"]
[EventRounds "7"]
[EventCountry "BRA"]
[Source "lmi"]
[SourceDate "2010.04.10"]

1. e4 c6 2. Nf3 d5 3. Nc3 Bg4 4. h3 Bh5 5. g4 Bg6 6. exd5 cxd5 7. Bb5+ Nc6 8.
Ne5 Rc8 9. d4 e6 10. Nxg6 hxg6 11. Bf4 Nf6 12. Bg5 Be7 13. Qe2 Qa5 14. O-O-O a6
15. Ba4 Bb4 16. Bxc6+ Rxc6 17. Bd2 Bxc3 18. Bxc3 Qxa2 19. f3 Qc4 20. Qe5 Ke7
21. Rd3 b5 22. b3 Qxd3 23. cxd3 Rxc3+ 24. Kd2 Rhc8 25. Rb1 Rc2+ 26. Ke3 Ra2 27.
b4 Rcc2 28. Kf4 Re2 29. Qc7+ Nd7 30. Rc1 Kf6 31. Qxd7 g5+ 0-1

[Event "IRT CXG Cidade Maravilhosa"]
[Site "Rio de Janeiro BRA"]
[Date "2010.05.22"]
[Round "6.9"]
[White "Siqueira, Allan de Sousa"]
[Black "Saraiva, Alexandre Pacheco"]
[Result "0-1"]
[WhiteElo "1964"]
[BlackElo "1951"]
[PlyCount "74"]
[EventDate "2010.04.10"]
[EventType "swiss"]
[EventRounds "7"]
[EventCountry "BRA"]
[Source "lmi"]
[SourceDate "2010.04.10"]

1. d4 Nf6 2. c4 e6 3. Nc3 d5 4. Bg5 c6 5. e3 Nbd7 6. Nf3 Bd6 7. c5 Bc7 8. Bd3
e5 9. Nxe5 Nxe5 10. dxe5 Bxe5 11. Qc2 Qa5 12. f4 Bxc3+ 13. bxc3 Ng4 14. O-O h6
15. Bh4 O-O 16. Rae1 Qxc5 17. Rf3 Qd6 18. h3 Nf6 19. g4 Re8 20. Rg3 g5 21. fxg5
hxg5 22. Rg2 gxh4 23. g5 Ne4 24. Bxe4 Rxe4 25. Qf2 Bxh3 26. Rh2 Qe6 27. Kh1 Qf5
28. Qe2 Bg4 29. Rf1 Bxe2 30. Rxf5 Bg4 31. Rf6 h3 32. Rhf2 Bh5 33. Rh6 Bg6 34.
Rxh3 Rae8 35. Rff3 Rg4 36. Rf2 Rxg5 37. Rfh2 Be4+ 0-1

[Event "IRT CXG Cidade Maravilhosa"]
[Site "Rio de Janeiro BRA"]
[Date "2010.05.29"]
[Round "7.2"]
[White "Viana, Dirceu"]
[Black "Rios Filho, Hilton Carlos"]
[Result "0-1"]
[WhiteElo "2261"]
[BlackElo "2222"]
[PlyCount "80"]
[EventDate "2010.04.10"]
[EventType "swiss"]
[EventRounds "7"]
[EventCountry "BRA"]
[Source "lmi"]
[SourceDate "2010.04.10"]

1. Nf3 c5 2. c4 Nc6 3. d4 cxd4 4. Nxd4 Nf6 5. Nc3 g6 6. Nc2 Bg7 7. e4 O-O 8.
Be2 d6 9. O-O Bd7 10. Be3 Qa5 11. Qd2 Rfc8 12. f3 a6 13. Rab1 Ne5 14. b3 b5 15.
b4 Qd8 16. c5 Be6 17. Rfd1 dxc5 18. Qxd8+ Rxd8 19. Bxc5 Rxd1+ 20. Rxd1 Nfd7 21.
Nd5 Bxd5 22. Rxd5 Rc8 23. f4 Nxc5 24. bxc5 e6 25. Rd2 Bh6 26. g3 Rxc5 27. Nb4
a5 28. Na6 Rc1+ 29. Kf2 Nc4 30. Rd8+ Bf8 31. Rc8 Rc2 32. a4 Rb2 33. axb5 Nd6
34. Rb8 Nxe4+ 35. Ke3 Nc3 36. Bc4 a4 37. Kd3 Nd5 38. Bxd5 exd5 39. Kc3 a3 40.
b6 d4+ 0-1

[Event "IRT CXG Cidade Maravilhosa"]
[Site "Rio de Janeiro BRA"]
[Date "2010.05.29"]
[Round "7.3"]
[White "Santos Filho, Tadeu Sousa"]
[Black "Rebello, Octacilio Freire V"]
[Result "0-1"]
[WhiteElo "2088"]
[BlackElo "2123"]
[PlyCount "78"]
[EventDate "2010.04.10"]
[EventType "swiss"]
[EventRounds "7"]
[EventCountry "BRA"]
[Source "lmi"]
[SourceDate "2010.04.10"]

1. Nf3 Nf6 2. c4 c5 3. b3 b6 4. d3 d6 5. e3 g6 6. Be2 Bg7 7. Bb2 O-O 8. Nbd2
Bb7 9. Qc2 Nbd7 10. Ne4 Qc7 11. Rc1 e5 12. Nfd2 Nxe4 13. dxe4 a6 14. Rd1 Bc6
15. a4 Qb7 16. f3 Rad8 17. Bd3 Nf6 18. Nb1 Qe7 19. Nc3 h5 20. Qf2 Bh6 21. h4
Kh8 22. Qe2 Bd7 23. Kd2 b5 24. axb5 axb5 25. cxb5 Be6 26. Kc2 c4 27. bxc4 Rc8
28. Kd2 Nd7 29. Nd5 Qd8 30. Ra1 Nc5 31. Bc2 f5 32. Rhf1 fxe4 33. fxe4 Qxh4 34.
Ne7 Qxe7 35. Rf3 Bg4 36. Raf1 Bxf3 37. gxf3 Qa7 38. Ra1 Qf7 39. Rf1 Ra8 0-1